Tuyển tập Tô Hoài T.3
v.v...
Đã lưu trong:
| Tác giả chính: | |
|---|---|
| Định dạng: | Sách |
| Năm xuất bản: |
H.
Văn học
1996
|
| Chủ đề: | |
| Tags: |
Thêm thẻ
Không có thẻ, Hãy là người đầu tiên gắn thẻ bản ghi này!
|
| LEADER | 01494nam a2200265 4500 | ||
|---|---|---|---|
| 082 | |a 895.922803 |b T450H | ||
| 100 | |a Tô Hoài | ||
| 245 | |a Tuyển tập Tô Hoài |c Tô Hoài; Hà Minh Đức sưu tầm, tuyển chọn, giới thiệu |n T.3 | ||
| 260 | |a H. |b Văn học |c 1996 | ||
| 300 | |a 637 tr. |c 21 cm. | ||
| 520 | |a v.v... | ||
| 653 | |a Văn học hiện đại | ||
| 653 | |a Việt Nam | ||
| 653 | |a Tuyển tập | ||
| 653 | |a Tiểu thuyết | ||
| 653 | |a Bút ký | ||
| 653 | |a Hồi ký | ||
| 942 | |2 ddc |c STK0 | ||
| 999 | |c 4978 |d 4978 | ||
| 952 | |0 0 |1 0 |2 ddc |4 0 |6 895_922803000000000_T450H |7 0 |8 800 |9 46007 |a qbu |b qbu |c D5 |d 2014-12-20 |g 46000 |o 895.922803 T450H |p 849.c1 |r 0000-00-00 |w 2014-12-20 |y STK0 | ||
| 952 | |0 0 |1 0 |2 ddc |4 0 |6 895_922803000000000_T450H |7 0 |8 800 |9 46008 |a qbu |b qbu |c D5 |d 2014-12-20 |g 46000 |o 895.922803 T450H |p 849.c2 |r 0000-00-00 |w 2014-12-20 |y STK0 | ||
| 952 | |0 0 |1 0 |2 ddc |4 0 |6 895_922803000000000_T450H |7 0 |8 800 |9 46009 |a qbu |b qbu |c D5 |d 2014-12-20 |g 46000 |o 895.922803 T450H |p 849.c3 |r 0000-00-00 |w 2014-12-20 |y STK0 | ||
| 952 | |0 0 |1 0 |2 ddc |4 0 |6 895_922803000000000_T450H |7 0 |8 800 |9 46010 |a qbu |b qbu |c D5 |d 2014-12-20 |g 46000 |o 895.922803 T450H |p 849.c4 |r 2015-09-01 |w 2014-12-20 |y STK0 | ||
| 952 | |0 0 |1 0 |2 ddc |4 0 |6 895_922803000000000_T450H |7 0 |8 800 |9 46011 |a qbu |b qbu |c D5 |d 2014-12-20 |g 46000 |o 895.922803 T450H |p 849.c5 |r 0000-00-00 |w 2014-12-20 |y STK0 | ||
| 952 | |0 0 |1 0 |2 ddc |4 0 |6 895_922803000000000_T450H |7 0 |8 800 |9 46012 |a qbu |b qbu |c D5 |d 2014-12-20 |g 46000 |o 895.922803 T450H |p 849.c6 |r 2015-10-28 |w 2014-12-20 |y STK0 | ||